| 000 | 00837nam a2200217 a 4500 | ||
|---|---|---|---|
| 008 | 120416s1996 ||||||||||||||||| || u | ||
| 020 | _a0340645806 | ||
| 020 | _a0470235861 | ||
| 050 | _aTA 654 Bea | ||
| 100 | _aBeards, C. F | ||
| 245 | 1 | 0 | _aStructural vibration: analysis and damping |
| 260 |
_aLondon: _bArnold Halsted Press _c1996 |
||
| 300 | _axii, 276 p.: ill. | ||
| 350 | _a0.00 | ||
| 500 | _aIncludes bibliographical references (p. [271]-272) and index. | ||
| 650 | _aDAMPING (MECHANICS) | ||
| 650 | _aSTRUCTURAL DYNAMICS | ||
| 856 | _uhttp://www.loc.gov/catdir/toc/els051/96194093.html | ||
| 856 | _uhttp://www.loc.gov/catdir/description/els032/96194093.html | ||
| 995 |
_D0.00 _FCBU-MAIN LIBRARY (Kitwe) _H1 _I15.99 _M1 _UAVAILABLE _ZAnnex Low-Usage Collection |
||
| 999 |
_c58705 _d58705 |
||